Modern Advanced Accounting / (Record no. 4172)
[ view plain ]
| 000 -LEADER | |
|---|---|
| fixed length control field | 02124cac a22003011u 4500 |
| 008 - FIXED-LENGTH DATA ELEMENTS--GENERAL INFORMATION | |
| fixed length control field | 081204t 2006xxu||||| |||| 00| 0 eng d |
| 010 ## - LIBRARY OF CONGRESS CONTROL NUMBER | |
| LC control number | 2004059223 |
| 020 ## - INTERNATIONAL STANDARD BOOK NUMBER | |
| International Standard Book Number | 007124459X |
| 020 ## - INTERNATIONAL STANDARD BOOK NUMBER | |
| International Standard Book Number | 9780071244596 |
| 082 00 - DEWEY DECIMAL CLASSIFICATION NUMBER | |
| Edition number | 22 |
| Classification number | 657.046 |
| Item number | LAR |
| 100 ## - MAIN ENTRY--PERSONAL NAME | |
| Personal name | Larsen, E. John. |
| 9 (RLIN) | 9093 |
| 245 10 - TITLE STATEMENT | |
| Title | Modern Advanced Accounting / |
| Statement of responsibility, etc | E. John Larsen. |
| 250 ## - EDITION STATEMENT | |
| Edition statement | 10th ed. |
| 260 ## - PUBLICATION, DISTRIBUTION, ETC. (IMPRINT) | |
| Place of publication, distribution, etc | Boston : |
| Name of publisher, distributor, etc | McGraw-Hill/Irwin, |
| Date of publication, distribution, etc | c2006. |
| 300 ## - PHYSICAL DESCRIPTION | |
| Extent | xvii, 830 p. : |
| Other physical details | ill. ; |
| Dimensions | 26 cm. |
| 500 ## - GENERAL NOTE | |
| General note | Includes index. |
| 650 #0 - SUBJECT ADDED ENTRY--TOPICAL TERM | |
| Topical term or geographic name as entry element | Accounting. |
| 9 (RLIN) | 9094 |
| 856 41 - ELECTRONIC LOCATION AND ACCESS | |
| Uniform Resource Identifier | <a href="http://www.loc.gov/catdir/enhancements/fy0668/2004059223-t.html">http://www.loc.gov/catdir/enhancements/fy0668/2004059223-t.html</a> |
| 942 ## - ADDED ENTRY ELEMENTS (KOHA) | |
| Item type | Book - Borrowing |
| Call number prefix | 657.046LAR |
| Source of classification or shelving scheme | Dewey Decimal Classification |
| Withdrawn status | Item status | Source of classification or shelving scheme | Damaged status | Not for loan | Home library | Current library | Shelving location | Date acquired | Source of acquisition | Total Checkouts | Total Renewals | Full call number | Barcode | Date last seen | Date last borrowed | Koha item type | Vendor |
|---|---|---|---|---|---|---|---|---|---|---|---|---|---|---|---|---|---|
| Dewey Decimal Classification | Central Library | Central Library | First floor | 23/08/2007 | Purchase | 7 | 22 | 657.046 LAR | 000000266 | 15/07/2025 | 27/10/2019 | Book - Borrowing | |||||
| Dewey Decimal Classification | Central Library | Central Library | First floor | 29/09/2010 | 657.046 LAR | 000005224 | 15/07/2025 | NB - Book (Non borrowing) | Baccah | ||||||||
| Dewey Decimal Classification | Central Library | Central Library | First floor | 22/10/2009 | 5 | 8 | 657.046 LAR | 000018512 | 15/07/2025 | 20/12/2012 | Book - Borrowing | Baccah | |||||
| Dewey Decimal Classification | Central Library | Central Library | First floor | 22/10/2009 | 3 | 1 | 657.046 LAR | 000018513 | 15/07/2025 | 07/09/2014 | Book - Borrowing | Baccah | |||||
| Dewey Decimal Classification | Central Library | Central Library | First floor | 22/10/2009 | 5 | 7 | 657.046 LAR | 000018514 | 15/07/2025 | 02/01/2013 | Book - Borrowing | Baccah | |||||
| Dewey Decimal Classification | Central Library | Central Library | First floor | 29/09/2010 | 4 | 31 | 657.046 LAR | 000022273 | 15/07/2025 | 05/12/2012 | Book - Borrowing | Baccah | |||||
| Dewey Decimal Classification | Central Library | Central Library | First floor | 29/09/2010 | 5 | 32 | 657.046 LAR | 000022268 | 15/07/2025 | 13/12/2012 | Book - Borrowing | Baccah | |||||
| Dewey Decimal Classification | Central Library | Central Library | First floor | 29/09/2010 | 3 | 24 | 657.046 LAR | 000022267 | 15/07/2025 | 04/10/2012 | Book - Borrowing | Baccah |